| 000 | 00662nam a22001577a 4500 | ||
|---|---|---|---|
| 003 | OSt | ||
| 005 | 20161031132842.0 | ||
| 008 | 161031b xxu||||| |||| 00| 0 eng d | ||
| 040 | _cRUA | ||
| 082 | _aVEM TUO 2015 B525 Or.1 | ||
| 100 |
_911018 _aTUON SREYYET; ទួន ស្រីយ៉េត |
||
| 245 | _aStudy on gastro intestinal parasites in cattle, in treang district, takeo province; ការសិក្សាពីបរាសិតនៅក្នុងក្រពះពោះវៀន នៅស្រុកទ្រាំង ខេត្តតាកែវ | ||
| 260 |
_aPhnom Penh _bRUA _c2015 |
||
| 300 |
_aix; 36p; _bill; _c29cm; |
||
| 942 |
_2ddc _cVEM |
||
| 999 |
_c10601 _d10601 |
||